Boletín del Archivo General de la Nación : tomo VIII, enero-marzo 1937, número 1 /

Guardat en:
Dades bibliogràfiques
Altres autors: López, Rafael (dirección) (dirección)
Format: Llibre
Idioma:espanyol
Publicat: México : DAPP, 1937
Etiquetes: Afegir etiqueta
Sense etiquetes, Sigues el primer a etiquetar aquest registre!

MARC

LEADER 00000nam^a2200000^a^4500
001 000444021
005 20250521000000.0
009 20260310123505.959
037 |a Acervo Xavier Clavigero 
041 |a ESP 
091 |a FCA. 00337 
245 0 0 |a Boletín del Archivo General de la Nación :  |b tomo VIII, enero-marzo 1937, número 1 / 
264 1 |a México :  |b DAPP,  |c 1937 
300 |a 181 p. 
336 |a texto  |b txt  |2 rdacontenido 
337 |a sin mediación  |b n  |2 rdamedio 
338 |a volumen  |b nc  |2 rdasoporte 
649 |a XX 
700 |a López, Rafael  |e (dirección) 
910 |a Fondo Xavier Cacho Vázquez S.J. 
920 |a Impresos - Libros 
930 |a Fondos Especiales 
905 |a 131 
901 |a 0500331095  |b IT2  |c ESP  |i D6668  |u 20250521 
902 |a https://opac.biblio.iteso.mx/vufind/Record/000444021